000 00462nam a2200169 i 4500
001 37321
003 ES-MaACL
005 20230906155539.0
007 t|
008 030220s1961 sp ||||1| spa d
100 1 _aBuchheim, Lothar-Güenther.
_932300
245 1 0 _aPicasso /
_cLothar-Günther Buchheim.
250 _a1ª ed.
260 _aBarcelona :
_bDestino,
_c1961.
300 _a140 p. :
_b8 lám., il. ;
_c24 cm.
852 _aES-MaACL
_jC-20753
_bR.49220
999 _c37321
_d37321